000 00942nam a2200217Ia 4500
999 _c35847
_d35847
001 1738
003 GE_BSU
005 20250325115336.0
008 181216s2006||||ge |||||||||||||| ||geo||
020 _a9994061674
040 _cGE_BSU
041 _ageo
080 _a581.5 ლ–25
100 _aლარხერი, ვალტერ
_914790
245 _aმცენარეთა ეკოლოგია :
_b[ილუსტრირებულია 348 ნახაზითა და 81 ცხრილით] /
_cვალტერ ლარხერი; რედაქტორი: ოთარ აბდალაძე.
264 _aთბილისი :
_b[უნივერსალი],
_c 2006.
300 _a485 გვ.:
_b348 ნახ., 81 ცხრ. ;
_c24 სმ.
504 _aბიბლიოგრ.: გვ. 441-485.
653 _aმცენარეთა ეკოლოგია
942 _cBK
_2udc